[Event "W&W Ch"]
[Site "Wanstead"]
[Date "1978.06.03"]
[Round "?"]
[White "Michael Bird, (White)"]
[Black "Bill Franklin, (Black)"]
[Result "1-0"]
[WhiteElo "150"]
[BlackElo "159"]
[Annotator "Michael Bird"]
[PlyCount "45"]
[EventDate "1978.04.13"]
[EventType "simul"]
[EventRounds "145"]
[SourceVersionDate "2020.02.28"]

{Notes by Michael Bird.} 1. d4 f5 2. e4 {Staunton's Gambit specially prepared
fo Bill Franklin.} fxe4 3. Nc3 Nf6 4. Bg5 e6 {...g6 and ...Bg7 are also
playable.} 5. f3 Be7 {This must be wrong, to allow White all the centre; 5 ...
exf3 was necessary.} 6. fxe4 O-O 7. Nf3 c5 {Trying to open up the game but at
the expense of Q-side development.} 8. d5 Ng4 9. Bxe7 Qxe7 10. Qe2 b6 11. O-O-O
d6 12. h3 Nf6 13. g4 exd5 14. exd5 Qf7 (14... Qxe2 15. Bxe2 {Black is left
with a bad ending.}) 15. Bg2 Re8 16. Qd2 h6 {Black now offered White a draw,
testing his sense of humour.} 17. g5 hxg5 18. Nxg5 Qh5 19. Rdf1 Na6 20. Rhg1
Qh6 21. Nce4 {Now waiting for Black to resign as all roads lead home.} Bd7 (
21... Nxe4 22. Bxe4 {leaves Black to answer the awkward threat Bh7+ - Ed.}) 22.
Nxd6 Re5 23. Ndf7 {Black resigns.} 1-0

[Event "Essex League Play-off"]
[Site "Wanstead"]
[Date "1978.05.23"]
[Round "?"]
[White "Aidan Corish, (White)"]
[Black "Bill Franklin, (Black)"]
[Result "0-1"]
[WhiteElo "166"]
[BlackElo "159"]
[Annotator "First Rank"]
[PlyCount "73"]
[EventDate "1978.04.13"]
[EventType "simul"]
[EventRounds "145"]
[SourceVersionDate "2020.02.28"]
[WhiteTeam "W&W 1"]
[BlackTeam "Upminster 1"]

1. d4 f5 2. c4 Nf6 3. Nf3 e6 4. g3 d5 5. Bg2 Be7 6. O-O O-O 7. b3 c6 8. Bb2
Nbd7 9. Ng5 Nb8 10. Nc3 Qe8 11. e3 Qg6 12. Nf3 Bd6 13. Qe2 Nbd7 14. cxd5 exd5
15. Nh4 Qg5 16. f4 Qg4 {Contrary to the original First Rank analysis, |^this|^
is the better move.} (16... Qh5 17. Bf3 Qe8 18. Nxf5 $16) 17. Bf3 Qh3 18. Nd1
Ne4 19. Bg2 Nxg3 $5 (19... Qg4 $11) 20. hxg3 {Once again, the better choice.} (
20. Bxh3 Nxe2+ 21. Kg2 Nxf4+ 22. exf4 g6 ({FIrst Rank gave} 22... Bxf4 {
And here FR follows with 23 Nf3. Instead...} 23. Rxf4 $1 g5 24. Nxf5 gxf4 25.
Ne7+ Kg7 26. Nxc8 Raxc8 27. Bxd7 $18) 23. Bc1 $16) 20... Qxg3 21. Qf2 Qg4 22.
Nf3 Be7 23. Ne5 Nxe5 24. dxe5 Be6 25. Qf3 Qg6 26. Rc1 h5 {Jeronimo!} 27. Nf2 h4
28. Nh3 Kf7 29. Kf2 {This is still winning for White, though Kh2 is marginally
better.} (29. Kh2 $18) 29... d4 30. Kg1 $2 {Given as "essential to "survive
the threatened ...Bd5+. Not so.} (30. Rg1 $1 Bd5 31. Qxd5+ cxd5 32. Bxd5+ Qe6
33. Bxe6+ Kxe6 34. exd4 $18) 30... Bd5 31. Qf2 $2 {This is the error, 31 Qe2
being correct.} (31. Qe2) 31... dxe3 32. Qe2 Rad8 {...heading for d2.} 33. Kh1
$2 (33. Bc3 Qg4 34. Rc2 Bxg2 35. Qxg2 Rd3 $15) 33... Bxg2+ 34. Qxg2 Qxg2+ 35.
Kxg2 Rd2+ 36. Kf3 Rxb2 37. Kxe3 {and White resigned being two pawns downand a
third about to drop.} 0-1

[Event "London League"]
[Site "London"]
[Date "1978.09.20"]
[Round "?"]
[White "Ian Hunnable, (White)"]
[Black "Michael Yeo, (Black)"]
[Result "1/2-1/2"]
[WhiteElo "174"]
[BlackElo "194"]
[Annotator "Ian Hunnable"]
[PlyCount "62"]
[EventDate "1989.??.??"]
[EventType "simul"]
[EventRounds "8"]
[EventCountry "ENG"]
[SourceVersionDate "2020.02.28"]
[WhiteTeam "W&W"]
[BlackTeam "Mitcham"]

{Notes by Ian Hunnable.} 1. Nf3 Nc6 2. c4 e5 3. Nc3 f5 4. d3 ({Alternatively
the critical line} 4. d4 e4 5. d5 exf3 6. dxc6 $11) 4... Nf6 5. g3 Bb4 {
My opponent afterwards thought this was incorrect and suggested 5 ...Be7 as an
improvement. 5 ...Bb4 poses one or two problems, however.} 6. a3 {Hence I
forced Black's hand so that the knight, when chased, could go to d4.} ({
If White wants to avoid doubled pawns he chooses between} 6. Bd2 {when} Bxc3 7.
Bxc3 e4 8. dxe4 fxe4 {can be followed by the awkward ...r3!?}) ({or} 6. Qb3 e4
7. dxe4 fxe4 8. Nd2 Nd4 {which is also difficult.}) ({Furthermore, on} 6. Bg2
e4 {chases the knight to n awkward square.}) 6... Bxc3+ 7. bxc3 e4 {Despite
all the lines involving this move in the previous note, in this situation it
is probably premature, ...O-O being better.} 8. Nd4 d5 9. Bh3 dxc4 10. dxc4 ({
Not} 10. Bxf5 Bxf5 11. Nxf5 O-O $19) 10... Ne7 11. O-O O-O (11... c5 12. Nb5
O-O 13. Bf4 $14 ({FR gave} 13. Nd6 $11 {is OK for White.})) 12. Bf4 Nh5 13. Bg5
h6 14. Nc6 $1 ({Unfortunately,} 14. Nxf5 {doesn't work:} Qxd1 15. Nxe7+ Kf7 16.
Rfxd1 Bxh3 $17 {and White must lose a piece.} {It's actually 2-for-1:} 17. Be3
Kxe7 18. Bc5+ Kf7 19. Bxf8 Rxf8 $17) 14... bxc6 15. Qxd8 Rxd8 16. Bxe7 Re8 ({
After} 16... Rd2 17. Rfd1 Rxe2 18. Rd8+ Kf7 19. Bc5 $16 {is to White's
advantage.}) 17. Bc5 Be6 18. Bd4 ({I had planned} 18. Rfd1 Bxc4 19. Bxf5 {
but realised in time that Black has here} Re5 $17) 18... Bxc4 19. Bxf5 c5 $1 (
19... Bxe2 20. Rfe1 Bd3 21. Bd7 $16 {regains the pawn.}) 20. Be3 Bxe2 21. Rfe1
Bd3 22. Bd7 (22. Bg6 Nf6 (22... Re5 23. f4 $1 $18) 23. Bxe8 Rxe8 24. Bxc5 $16)
22... Re5 23. Rad1 a6 $2 24. Bf4 $2 {Short of time, I was primarily concerned
with regaining the pawn, which this move does, leading to a draw. Imagine my
anguish when Paul Smith later pointed out f4! leading to a win.} (24. f4 $1 Re7
(24... Nf6 25. Bc6 $18) 25. Bc6 Rb8 (25... Rd8 26. Bxc5 Rf7 27. Bxe4 Rfd7 28.
Bc6 Rf7 29. Re3 $18 {etc.}) 26. Bxc5 $18) 24... Nxf4 25. gxf4 Rh5 26. Bc6 Rf8
27. Bxe4 Bxe4 28. Rxe4 Rhf5 29. Rd7 Rxf4 30. Rxf4 Rxf4 31. Rxc7 Ra4 {Draw was
agreed on Black's proposal.} 1/2-1/2

[Event "London League"]
[Site "London"]
[Date "1978.10.06"]
[Round "?"]
[White "George Fernie, (White)"]
[Black "Paul Stokes, (Black)"]
[Result "1-0"]
[WhiteElo "147"]
[BlackElo "142"]
[Annotator "First Rank"]
[PlyCount "69"]
[EventDate "1978.04.13"]
[EventType "simul"]
[EventRounds "145"]
[SourceVersionDate "2020.02.28"]
[WhiteTeam "W&W"]
[BlackTeam "Batersea"]

{Notes expanded from comments by George Fernie. (Modern annotations prefixed
"WM".)} 1. c4 e5 2. Nc3 Nf6 3. g3 d5 4. cxd5 Nxd5 5. Bg2 c6 $2 6. Nxd5 cxd5 7.
Qb3 e4 8. d3 f5 9. Nh3 Nc6 10. Nf4 $2 (10. O-O $18) 10... Nd4 ({Or} 10... Bb4+
11. Kf1 Bc5 12. Qxd5 $16) 11. Qa4+ Nc6 12. O-O g5 {This looks a trifle
ambitious for one so behind in development, but in fact it is a defensive
move! Black will lose a centre pawn if he does not drive the knight away.} 13.
Nh3 h6 14. Be3 Bg7 15. Bc5 $1 {George's inventiveness is already at work; he
traps the king in the centre and is planning to let the exchange go in order
to build an irresistible attack.} Bxb2 16. dxe4 {The annotator's problem here
is where to put the "!". I have put it after White's 15th move because he had
already embarked on this exchange offer at that point. Can Black decline the
offer?} Bxa1 (16... dxe4 17. Rad1 $11 {with good chances against the open king
in return of the pawn.}) (16... fxe4 17. Rad1 Be6 ({Or} 17... Bf5 18. Qb3 $16 {
wins the d-pawn.}) (17... Qa5 18. Qxa5 Nxa5 19. Rxd5 $14) 18. Bxe4 Bxh3 19.
Bg6+ Kd7 20. Rxd5+ $18) 17. exd5 Qa5 18. Qxa5 Nxa5 19. Rxa1 Bd7 20. f3 Kf7 21.
e4 b6 22. Bd4 Rhe8 23. e5 Bb5 24. f4 g4 25. Nf2 Rac8 26. Nd1 Rc4 27. Nc3 Ba6
28. Rd1 Rec8 29. Bf1 {A natural move, but maybe White should press on with 29
d6.} (29. d6 Rxd4 30. Rxd4 Rxc3 31. Bd5+ Ke8 32. e6 $18) 29... Rxc3 ({After
the game,} 29... Rxd4 {was suggested, but after} 30. Bxa6 Rxd1+ 31. Nxd1 Rc1
32. Be2 $11 {there seems little Black can do to prevent White organising the
advance of his pawns. WM - but the modern search engine gives the position as
equal.}) 30. Bxa6 (30. Bxc3 $18 {levels the pieces!} Bxf1 31. e6+ ({FR gives} 
31. Bxa5 {but then} Bc4 32. Be1 Bxa2 $11) 31... Ke7 32. Bb4+ Kd8 33. Kxf1 $18)
30... Rc1 31. e6+ $2 {This should throw away White's chances.} (31. Rxc1 Rxc1+
32. Kf2 {...which FR gives as 'sufficient to preserve the win'. In fact the
position is equal, e.g.} Rc2+ 33. Ke3 Ke7 34. Bb5 h5 35. d6+ Ke6 36. Ba6 Kd7
37. Bb5+ Ke6 $11) 31... Kg6 $4 32. Rxc1 Rxc1+ 33. Kf2 Nc4 34. Bxc4 Rxc4 35. Be5
{and Black resigns. The pawns are unstoppable.} 1-0

[Event "Essex League"]
[Site "Corringham"]
[Date "1978.12.07"]
[Round "?"]
[White "Bill Franklin, (White)"]
[Black "I Sparling, (Black)"]
[Result "1-0"]
[WhiteElo "160"]
[BlackElo "143"]
[Annotator "First Rank"]
[PlyCount "55"]
[EventDate "1978.04.13"]
[EventType "simul"]
[EventRounds "145"]
[SourceVersionDate "2020.02.28"]
[WhiteTeam "Shell"]
[BlackTeam "W&W 1"]

1. e4 c6 2. d4 g6 {The books recommend 2 ...d5.} 3. f4 Bg7 4. Nf3 Nf6 5. Nc3
O-O 6. Bd3 d5 7. e5 Ne8 8. O-O f6 9. Be3 Nd7 10. f5 fxe5 11. fxg6 $1 {As
Fischer used to say, Black is "busted". White is offering a piece, but in
return gets not only space but time since Black must expend two moves to pick
up the piece.} Ndf6 ({If} 11... e4 12. Ng5 ({Or} 12. gxh7+ Kh8 13. Bxe4 dxe4
14. Nxe4 Nef6 15. Neg5 Nxh7 16. Ne6 $18) 12... exd3 13. gxh7+ Kh8 14. Rxf8+ $18
{followed b y Nf7+}) 12. Nxe5 Nd6 13. gxh7+ Nxh7 14. Bxh7+ Kxh7 15. Qh5+ Kg8
16. Rxf8+ Qxf8 17. Rf1 Qe8 18. Qg5 Bf5 19. h4 {The final assault is on its way.
} e6 20. h5 Qd8 21. Qg3 Kh7 22. h6 $1 Bf6 ({If} 22... Bxh6 23. Bxh6 Kxh6 24.
Rxf5 (24. Kf2 $18 {takes longer.}) 24... Qe8 25. Rg5 $18) 23. Rxf5 $1 {Nice.
Removing defence of the white squares.} exf5 24. Qg6+ Kh8 25. Bg5 $1 {Black
could resign now, especially as he has nothing better than his next.} Bxe5 26.
dxe5 {Quicker than taking the queen.} Qb6+ 27. Kh2 Ne8 28. Bf6+ 1-0

[Event "Essex League"]
[Site "Wanstead"]
[Date "1978.12.12"]
[Round "?"]
[White "Alan Marshall,  (White)"]
[Black "Alan Potter,  (Black)"]
[Result "1-0"]
[WhiteElo "177"]
[BlackElo "161"]
[Annotator "First Rank"]
[PlyCount "41"]
[EventDate "1978.04.13"]
[EventType "simul"]
[EventRounds "145"]
[SourceVersionDate "2020.02.28"]
[WhiteTeam "W&W 1"]
[BlackTeam "East Ham"]

1. e4 d6 2. Nc3 Nf6 3. f4 g6 4. Nf3 Bg7 5. Bc4 c6 6. Bb3 O-O 7. O-O b5 8. Qe2
Nbd7 9. e5 Nh5 10. e6 fxe6 11. Bxe6+ Kh8 12. d3 Nxf4 $6 {If this is sound, it
requires accurate defence from Black to hold it.} 13. Bxf4 Rxf4 14. Ng5 Bd4+ $2
(14... Qb6+ {was required.} 15. Kh1 Rxf1+ 16. Rxf1 Ne5 $11) 15. Kh1 Rxf1+ 16.
Rxf1 Qa5 ({Now} 16... Ne5 {would lose to} 17. Qxe5+ Bxe5 18. Nf7+ $18) 17. Rf7
Bg7 18. Rxe7 Ne5 19. Nf7+ Nxf7 20. Re8+ Bf8 21. Rxf8+ 1-0

[Event "Essex League"]
[Site "Harlow"]
[Date "1978.12.19"]
[Round "?"]
[White "Alan Marshall,  (White)"]
[Black "P Gordon Smith,  (Black)"]
[Result "1-0"]
[WhiteElo "177"]
[BlackElo "176"]
[Annotator "First Rank"]
[PlyCount "55"]
[EventDate "1978.04.13"]
[EventType "simul"]
[EventRounds "145"]
[SourceVersionDate "2020.02.28"]
[WhiteTeam "Harlow"]
[BlackTeam "W&W 1"]

1. e4 Nf6 2. Nc3 {nusual for Alan, he normally plays the Two Pawns Attack (2
e5 Nd5 3 c4).} d5 3. e5 Ne4 4. f4 Bf5 5. Nf3 e6 6. Be2 Be7 7. O-O c5 8. Bb5+
Nc6 9. Ne2 c4 10. d3 Qb6+ 11. Ned4 cxd3 12. cxd3 Nc5 13. Be3 a6 14. Bxc6+ bxc6
15. Nxf5 exf5 16. Qc2 Qb5 17. Bxc5 Bxc5+ $2 {Now Black's game collapses.} (
17... Qxc5+ {makes it very hard for White to realise his advantage.} 18. Qxc5
Bxc5+ 19. d4 Bb6 20. Rac1 $14) 18. d4 Be7 19. Rac1 O-O 20. Qxc6 Qxb2 21. Qxd5
Rfd8 22. Qb3 Qxb3 23. axb3 Rab8 24. Rc7 Kf8 25. Ra1 Rxb3 26. Rxa6 Rxf3 {
What else?} 27. gxf3 Rxd4 28. Raa7 1-0

[Event "London League"]
[Site "London"]
[Date "1978.12.20"]
[Round "?"]
[White "Ian Hunnable,  (White)"]
[Black "Gerry Hayes,  (Black)"]
[Result "1-0"]
[WhiteElo "174"]
[BlackElo "185"]
[Annotator "Hunnable,Ian"]
[PlyCount "120"]
[EventDate "1989.??.??"]
[EventType "simul"]
[EventRounds "8"]
[EventCountry "ENG"]
[SourceVersionDate "2020.02.28"]
[WhiteTeam "W&W 1"]
[BlackTeam "Ilford"]

1. Nf3 Nf6 2. d4 g6 3. Nc3 d5 4. Bf4 Bg7 5. h3 O-O 6. e3 c5 7. Ne2 ({It was
Gerry who told me of a famous precedent here if White plays} 7. dxc5 {
Capablanca,J-Yates,F New York 1924 (7) 1-0}) 7... Qb6 8. Qc1 Bd7 9. Ng3 Bb5 10.
Bxb5 Qxb5 11. c3 Nbd7 12. Qc2 Rfe8 13. Qe2 Qb6 14. O-O h6 15. Rfe1 Nh7 16. Nf1
Rac8 17. Qd2 Rcd8 18. Re2 e5 19. dxe5 Nxe5 20. Nxe5 Bxe5 21. Bxe5 Rxe5 22. Rd1
Nf6 23. Qc2 Qa6 24. a3 Rd7 25. Nh2 Kg7 26. Nf3 Re8 27. Red2 Red8 28. Ne5 Rd6
29. Qb3 {See diagram in First Rank. The time control was one move away at this
point (30 moves in 90 minutes). Gerry now made a pawn offer which he thought I
had to refuse.} Ne4 {Either way, I had only a few microseconds before my flag
dropped (analogue clocks) and a decision to make.} 30. Rxd5 $2 (30. Rc2 c4 31.
Qa2 Nc5 $15 {didn't look inviting, but was in fact the only way to play on.}) {
Just what was happening after 30 Rxd5 I wasn't sure, beyond the next two moves.
} 30... c4 $2 {30 Rc2 might not have looked inviting, but was not losing, as
grabbing the pawn should have been. It seems we both saw only the game
continuation, whereas Black can win out of hand with 30 ...Rxd5.} (30... Rxd5
$1 31. Rxd5 Qe6 32. c4 Rxd5 33. cxd5 Qxe5 $19) 31. Rxd6 cxb3 32. Rxd8 {(s)
This was the sealed move at the end of the first session (there were no
Quickplay Finishes in those days, all London League games were adjourned after
the first session, although either player could opt for adjudication after 60
moves. (The LL time control in those days was 30 moves in 90 minutes repeating,
so 60 moves represented two sessions.) The game was resumed at Wanstead House
on 9 January 1979.} Qe2 33. R8d7 {The only defence, but a good one, against 33
...Qxb2 which would immediately fail to 34 Rxf7+ Kg8 35 Rd8#} Kf6 {A surprise.
In my adjournement analysis, although recognising that the text was playable,
I was mainly concerned with the play following 33 ...Qxf2+.} ({e.g.} 33...
Qxf2+ 34. Kh1 Ng5 ({Not} 34... Ng3+ 35. Kh2 Nf1+ 36. Rxf1 $1 Qxf1 37. Rxf7+ $18
) 35. Nd3 $11 ({Or} 35. Kh2 $11)) 34. Ng4+ Ke6 35. f3 h5 36. fxe4 hxg4 37.
R1d6+ $2 (37. R7d6+ Ke5 (37... Ke7 38. Rd7+ Kf8 39. Rf1 Ke8 40. Rxb7 gxh3 41.
gxh3 Qxe3+ $11) 38. R6d5+ Ke6 $11) 37... Ke5 38. Rd5+ Kxe4 39. Rd4+ Ke5 40.
hxg4 Qxb2 {This is the point of the line starting with 33 ...Kf6. In reply,
White has played to get both rooks behind the Black b-pawn.} 41. Rxb7 (41.
R4d5+ Kf6 42. Rxb7 Qxc3 43. Rdb5 Qxe3+ 44. Kh2 b2 45. g5+ Kg7 46. Rxb2 $11)
41... a5 $1 42. Rb5+ Ke6 43. Rb6+ {Chasing the Black king so that it is either
trapped on the back rank, or the a-pawn can be captured with the rook
currently on the d-file.} ({White doesn't have time for} 43. Rxa5 Qc1+ 44. Kh2
b2 $19 {and Black queens.}) 43... Ke7 44. Rb7+ Kf6 ({If} 44... Ke8 45. Rdd7 $11
) 45. Rd6+ (45. Rf4+) 45... Kg5 46. Rd5+ Kxg4 47. Rxa5 Qxc3 48. Rab5 ({Not} 48.
Rb4+ $4 Qxb4 49. axb4 b2 $19) 48... Qe1+ 49. Kh2 Qh4+ 50. Kg1 Qe1+ 51. Kh2 Qh4+
52. Kg1 Kg3 53. Rxb3 (53. Rxf7 $1 $11) 53... Qe4 54. Kf1 Qc4+ 55. Ke1 Qc1+ 56.
Ke2 Qc4+ 57. Ke1 Kxg2 58. Rb2+ (58. R7b4 Qc1+ 59. Ke2 g5 $15) 58... Kg1 $2 (
58... Kg3 $17) 59. R7b4 Qc3+ 60. Ke2 f5 $4 {Tragedy. On the last move before
adjudication, a fatal error. 60 ...Kg2 was necessary, or the other pawn, 60 ...
g5. The position was submitted for adjudication and the result given was a
WHITE WIN. Play proceeds 61 Kf3, threatening mate in two by Rb1+ or Rg2+ etc.,
and if 61 ...Qc6+ 62 Kg3 Qd6+ 63 Rf4, threat Rb1+ and if 63 ...Qd1 64 Rg2+ Kh1
65 Rh4#} (60... g5 $11 61. Kf3 Qc6+ 62. Kg3 Qd6+ $11 {and now we see the point
of ...g5: White does not have Rf4.}) (60... Kg2 $11) 1-0

[Event "London League"]
[Site "London"]
[Date "1978.12.20"]
[Round "?"]
[White "Percy Cook,  (White)"]
[Black "Philip Gasper,  (Black)"]
[Result "0-1"]
[WhiteElo "170"]
[BlackElo "185"]
[Annotator "Philip Gasper"]
[PlyCount "60"]
[EventDate "1978.04.13"]
[EventType "simul"]
[EventRounds "145"]
[SourceVersionDate "2020.02.28"]
[WhiteTeam "W&W 1"]
[BlackTeam "Ilford"]

{Notes by Philip Gasper.} 1. e4 c5 2. Nf3 e6 3. d4 cxd4 4. Nxd4 Nf6 5. Nc3 d6
6. Bb5+ {Unusual. White probably hoped for a posiion similar to those arising
from the Moscow variation (1 e4 c5 2 Nf3 d6 3 Bb5+).} Bd7 {I wanted to develop
my knight on c6, but slightly better here would have been 6 ...Nbd7, when
White must either lose time or concede the two bishops.} 7. Bxd7+ {Necessary,
otherwside Black plays ...Nc6 and again White will have to lose time or give
up bishop for knight.} Qxd7 8. O-O Nc6 9. Be3 Be7 10. Qe2 a6 {Although this
looks like a natural Sicilian move, I was not very happy at having to play it.
The problem is that White is preparing to bring a rook to the d-file and the
black queen must soon move to c7. Playing ...a6 stops a white knight coming in
on b5, but also, unfortunately, Black cannot really reply ...b6, to prevent
White obtaining a bind with a5, since he has no white squared bsiohp to
protect the weak pawn on a6. I decided to 'sacrifice' the b6 square, but it
may have been better to ignore the possibility of White playing Nb5.} (10...
Rd8 11. Rfd1 Qc7 12. Ndb5 Qb8 13. a4 $14) 11. a4 Qc7 {To stop the immediate a5.
} 12. Nxc6 ({If} 12. Nb3 Na5 13. Nxa5 Qxa5 14. Rfd1 $14) 12... Qxc6 {Black has
better chances on the c-file than on the b-file. The attack on the e-pawn
compensates for the loss of a temo by the queen.} 13. f3 {Black is usually
very happy when White supports his centre like this, since the first player
has to give up aggressive intentions on the K-side with f4 and f5 or e5. White
could have moved his bishop to defend the pawn, but this would have weakened
his grip on b6.} O-O 14. a5 Rac8 {This stops Na4, but White decides to put a
piece on the square anyway.} 15. Ra4 $6 {Very odd! Precisely what White
intended by this move I'm not sure - perhaps he wanted to prevent ...Qc4 and
later double rooks on the d-file. If 15 Rad1 Black could play 15 ...Bd8
forcing the rook back again - 14 a5 had its weak points too! Best seems 15
Rfd1 when I had planned to regroup with 15 ...Nd7, intending ...Bf6 and/or ...
Ne5 and ...Nc4, or ...Nc5.} d5 {Black takes advantage of the awkward
positioning of White's pieces to get in this important central thrust.} 16.
exd5 $2 {Played almost immediately, but the losing move! Obviously White
should have played 16 e5.} (16. e5 Nd7 17. f4 ({or} 17. Bd4 $11) 17... Nc5 18.
Rd4 f5 $15) 16... Nxd5 17. Nxd5 exd5 18. Rg4 {White cannot defend both his
rook and his c-pawn, so he seeks desperate chances on the K-side. A better try
would have been 18 Rd4 aiming to make a tough fight of it in the endgame.} f5
19. Rg3 ({No better would be} 19. Rd4 Bc5 20. Rd3 Rce8 21. Qf2 Rxe3 $19) 19...
f4 20. Bxf4 Bc5+ 21. Be3 Rce8 (21... Rfe8 {also works. I didn't like} 22. f4
Qe6 23. f5 Bxe3+ 24. Kh1 Qe5 25. f6 {but then} Rc7 $19 {and Black remains a
piece to the good.}) 22. f4 Qe6 ({Not} 22... d4 23. Qc4+ $16) 23. Re1 {I
expected 23 Rff3 when 23 ...d4 wins the bishop (25 f5 Qf7). After the move
played, I wrote down 23 ...d4 on my scoresheet [WM we were allowed to in those
days!] as it appears still to win a piece. Then I noticed 24 Qh5! and if 25 ...
Rf5 25 Qg4 when Black is losing. Fortunately, though, I found...} Rxf4 $1 {
...exp[loiting a double pin and preparing to treble on the e-file. Now White
really must lose material.} 24. b4 Ba7 ({Not} 24... Rxb4 25. Bxc5 $18) 25. b5
Re4 {Simplest.} 26. b6 Bb8 27. Rh3 d4 28. Qh5 h6 29. Rf3 Rxe3 30. Rfxe3 dxe3
0-1